LDR 00652naa#a2200181#i#450# 001 EN\\bibl\104634 005 20260501040823.5 011 ## _a1729-9187 100 ## _a20260330b2026####ek#y0engy0150####ca 102 ## _aRU 200 1# _aWays, mechanisms and methods of nominating objects in the criminal subculture of modern shoplifters _eJournal article 210 1# _aUfa _cUfa Law Institute of the Ministry of Internal Affairs of Russia _d2026 215 ## _a7 с. 608 ## _aJournal article _2local 675 ## _aРусский язык. 811.161.1 _z 700 #1 _aVoronina _gLyubov' Valentinovna 700 #1 _aKutyakin _gSergey Alekseevich 856 4# _aobshtestvo-uyi.editorum.ru _u